000 00836nam a2200229 i 4500
001 52756
003 ES-MaACL
005 20260130132650.0
007 t|
008 030903s1965 sp ||||1| cat d
111 0 _aConcilio Vaticano (
_n2º.
_d1962-1965)
_9122
245 1 0 _aDecret sobre l'ecumenisme /
_cintroducció, Adalbert Mª Franquesa ; traducció Justi Mª Bruguera.
260 _aBarcelona :
_bEstela,
_c1965.
300 _a76 p. ;
_c20 cm.
490 1 _aCol-leccio "Mens Petri" Documents del Concili Vatica II
650 4 _aUnidad cristiana-
_xIglesia Católica.
_9156785
700 1 _aFranquesa, Adalbert,
_d1908-2005
_952344
700 1 _aBruguera, Justino.
_932104
830 0 _aCol-leccio "Mens Petri" Documents del Concili Vatica II
_9230217
852 _aES-MaACL
_jC-28788
_bR.57809
999 _c52756
_d52756